| 000 | 00831nas a22001697a 4500 | ||
|---|---|---|---|
| 007 | ta | ||
| 008 | 230531e20230526xxk||||os||||o00| 0 eng d | ||
| 041 | _aeng | ||
| 245 | _aHenderson & Jones Ltd v David Jason Ross | ||
| 260 |
_a[2023] EWHC 1276 (Ch) _bHigh Court Business and Property Court _c26 May 2023 |
||
| 520 | _aThe claim concerns a restructure of the Hospital Medical Group Limited and possible transactions undervalue to defraud investors. It cites RICS valuation guidance including Red Book, in particular the section on "The valuation of individual trade related properties” | ||
| 650 | _aVALUATION | ||
| 650 | _aMEDICAL CENTRES | ||
| 650 | _aHEALTHCARE CENTRES | ||
| 651 | _aUnited Kingdom | ||
| 856 |
_uhttps://caselaw.nationalarchives.gov.uk/ewhc/ch/2023/1276 _zAvailable on the National Archives case law database |
||
| 999 |
_c121530 _d121530 |
||